000 01254cam a22002054a 4500
005 20250605163945.0
008 250528s ||||||||||||||||||||||||d
035 _a15175
020 _a9602860073
040 _aGR-AtMCL
_bgre
_dGR-AtMCL
_eAACR2
245 1 _aΟργάνωση και Διοίκηση / Ανθρώπινες Διαδικασίες στη Λειτούργια της Οργάνωσης: Β' Τόμος - Τρίτη Έκδοση
250 _a
260 _bΈλλην,
_c1991
300 _a240
520 _aΕπιχειρήσεων - Δημόσιων Οργανισμών - Σχολείων - Νοσοκομείων - Στρατού. Παρώθηση (Motivation), Ηγεσία, Επικοινωνία, Ικανότητες - Δεξιότητες του Διευθυντή, Άγχος - Ένταση, Αντιθέσεις - Συγκρούσεις, Εποπτεία - Επόπτης, Αξιολόγηση της Επίδοσης του Προσωπικού, Μέτρηση της Αποτελεσματικότητας μιας Οργάνωσης, Προγραμματισμός και Ανάλυση Συστημάτων.
700 1 _aΖαβλανός Μύρων Μ
_91038
942 _cBK
999 _c769
_d769